| 000 | 00568nam a2200205 a 4500 | ||
|---|---|---|---|
| 005 | 20210223121256.0 | ||
| 008 | 991125s1984 mad 000 0 spa u | ||
| 020 | _a8427706677 | ||
| 035 | _aUPN01000014861 | ||
| 049 | _aCG | ||
| 050 | 4 | _aRC469 G6.3 | |
| 100 | 1 | _aGómez, Emilio | |
| 245 | 1 | 0 |
_aDiagnóstico del deficiente mental : _bpatología y prevención / _cEmilio Gómez |
| 260 |
_aMadrid : _bNarcea, _c1984 |
||
| 300 | _a144 p | ||
| 440 | 0 | _aEducación hoy | |
| 650 | 4 |
_aENFERMEDADES MENTALES - _xDIAGNOSTICO _9302 |
|
| 904 |
_aAC _b014862 |
||
| 905 | _aLibro | ||
| 999 |
_c14861 _d14861 |
||